Click South American Countries on the Map in 15 Seconds - Statistics

General Stats
  • This quiz has been taken 168 times
  • The average score is 10 of 12
Answers on the Map
Answers color-coded by a green-red scale on the quiz's map according to % correct below.
 
Answer Stats
Answer % Correct
Argentina
91%
Chile
91%
Brazil
89%
Bolivia
87%
Peru
87%
Ecuador
83%
Paraguay
83%
Suriname
83%
Uruguay
83%
Venezuela
83%
Colombia
81%
Guyana
80%
No matching quizzes found
Score Distribution
Percent of People with Each Score
Percentile by Number Answered
Your Score History
You have not taken this quiz